| 000 | 01145nam a2200289 i 4500 | ||
|---|---|---|---|
| 001 | 18224 | ||
| 003 | ES-MaACL | ||
| 005 | 20230906151803.0 | ||
| 007 | t| | ||
| 008 | 010813s1998 sp ||||0| spa | ||
| 020 | _a84-7392-421-5 | ||
| 040 |
_aM-BN _bspa _cM-BN |
||
| 080 | _a821.134.2 Pérez Galdós, Benito 7 Episodios nacionales.06(043.2) | ||
| 100 | 1 |
_aGarcía Pinacho, María del Pilar. _955119 |
|
| 245 | 1 | 3 |
_aLa prensa como fuente y subtema de los "Episodios nacionales" de Benito Pérez Galdós / _cMaría del Pilar García Pinacho. |
| 260 |
_aMadrid : _bFundación Universitaria Española, _c1998. |
||
| 300 |
_a315 p. ; _c27 cm. |
||
| 490 | 1 |
_aTesis "cum laude". Serie L. Literatura ; _v5 |
|
| 502 | _aTesis--Universidad Complutense de Madrid. | ||
| 504 | _aBibliografía: p. [299]-315. | ||
| 600 | 1 | 7 |
_aPérez Galdós, Benito, _d1843-1920. _tEpisodios nacionales _2 _9138149 |
| 710 | 2 |
_aFundación Universitaria Española. _94426 |
|
| 710 | 2 |
_aUniversidad Complutense de Madrid. _97098 |
|
| 830 | 1 |
_aTesis "cum laude". Serie L. Literatura ; _v5 _9226839 |
|
| 852 |
_aES-MaACL _jL-24916 |
||
| 999 |
_c18224 _d18224 |
||